Influence lines, their practical use in bridge calculation; (Record no. 547207)
[ view plain ]
| 000 -LEADER | |
|---|---|
| fixed length control field | 00847cam a22001811 4500 |
| 082 ## - DEWEY DECIMAL CLASSIFICATION NUMBER | |
| Classification number | 624.2 |
| Author Mark | STE |
| -- | L-19, P-9 |
| 100 1# - MAIN ENTRY--PERSONAL NAME | |
| Personal name | Stewart, David S. |
| 9 (RLIN) | 43385 |
| 245 10 - TITLE STATEMENT | |
| Title | Influence lines, their practical use in bridge calculation; |
| Statement of responsibility, etc. | a text-book suitable for civil engineers, structural engineers, municipal and county engineers and students at universities and technical colleges, by David S. Stewart. With a foreword by Sir Thomas Hudson Beare. |
| 260 ## - PUBLICATION, DISTRIBUTION, ETC. | |
| Place of publication, distribution, etc. | London, |
| Name of publisher, distributor, etc. | Constable & company ltd. |
| Date of publication, distribution, etc. | [1939] |
| 300 ## - PHYSICAL DESCRIPTION | |
| Extent | viii, 209 p. |
| Other physical details | diagrs. |
| 500 ## - GENERAL NOTE | |
| General note | "First published 1939." |
| 500 ## - GENERAL NOTE | |
| General note | "Transparent book-mark", to be used with diagrams, attached to book. |
| 526 ## - STUDY PROGRAM INFORMATION NOTE | |
| Program name | 0 |
| Interest level | 0 |
| Reading level | 0 |
| Title point value | 624_200000000000000_STE |
| 650 #0 - SUBJECT ADDED ENTRY--TOPICAL TERM | |
| Topical term or geographic name entry element | Iron and steel bridges. |
| 9 (RLIN) | 43386 |
| 650 #0 - SUBJECT ADDED ENTRY--TOPICAL TERM | |
| Topical term or geographic name entry element | MCE |
| 9 (RLIN) | 379 |
| 650 #0 - SUBJECT ADDED ENTRY--TOPICAL TERM | |
| Topical term or geographic name entry element | Structural analysis (Engineering) |
| 9 (RLIN) | 654 |
| 942 ## - ADDED ENTRY ELEMENTS (KOHA) | |
| Source of classification or shelving scheme | |
| Koha item type | Book |
| Withdrawn status | Lost status | Source of classification or shelving scheme | Damaged status | Not for loan | Permanent Location | Current Location | Date acquired | Total Checkouts | Full call number | Barcode | Date last seen | Price effective from | Koha item type |
|---|---|---|---|---|---|---|---|---|---|---|---|---|---|
| Military College of Engineering (MCE) | Military College of Engineering (MCE) | 07/04/2014 | 624.2 STE | MCE-1092 | 07/04/2014 | 07/04/2014 | Book |
